[Event "USA Championship 2021"]
[Site "Saint Louis"]
[Date "2021.10.18"]
[Round "11.2"]
[White "Caruana, Fabiano"]
[Black "Shankland, Sam"]
[Result "1/2-1/2"]
[WhiteElo "2800"]
[BlackElo "2714"]
[Annotator "TA"]
[PlyCount "132"]
[EventDate "2021.10.06"]
[EventCountry "USA"]
[SourceTitle "playchess.com"]
[Source "ChessBase"]
[SourceQuality "1"]

{[%evp 18,132,15,0,28,24,10,5,16,16,16,13,26,23,28,20,25,18,21,14,15,0,20,10,13,5,0,0,15,18,26,25,25,25,25,27,33,31,22,8,20,19,29,0,21,0,27,20,27,10,17,23,154,154,147,147,235,240,255,223,275,236,227,239,260,242,256,193,265,225,258,258,235,19,20,20,19,9,138,33,50,0,0,0,0,0,0,0,0,0,0,0,0,0,0,0,0,0,0,0,0,0,0,0,0,0,0,0,0,0,0,0,0,0,0,0,0]} 1. d4 Nf6 2. Nf3 d5 3. c4 e6 4. g3 Be7 5. Bg2 O-O 6. O-O dxc4 7. Qc2 a6 8. a4 Bd7 9. Qxc4 Bc6 10. Bg5 Nbd7 $1 {[%mdl 4] now scores much better than the old 10...Bd5. E05: Open Catalan: 5 Nf3 Be7.} 11. Rd1 h6 12. Bxf6 Nxf6 13. Nbd2 a5 14. Qd3 {[#]} Bb4 $146 ({Predecessor:} 14... Bxf3 15. Bxf3 Nd5 16. Nc4 c6 17. Qb3 Nb4 18. Rac1 Qc7 19. h4 Rfd8 20. e4 Bf6 {½-½ (58) Kunte,A (2505)-Padmini,R (2327) Ahmedabad 2017}) 15. e4 Qe7 16. Ne5 Bd7 17. Ndc4 Rfd8 18. Qe3 Be8 19. h4 Nd7 20. Nxd7 Bxd7 21. e5 Rab8 22. Be4 Be8 23. Qf3 f5 24. exf6 Qxf6 25. Qe3 Bg6 26. Rd3 Bf5 27. Rc1 c6 28. Rc2 Rd7 (28... Rd5 $5) 29. Ne5 Rd6 30. Nc4 Rd7 31. Ne5 Rd6 32. Kg2 Rbd8 33. f3 Bxe4 34. fxe4 Qxe5 35. dxe5 $16 Rxd3 36. Qa7 {[%cal Ra7b7]} Be1 (36... R3d7 $16 37. Qb6 Kh7) 37. Qxb7 $18 Rxg3+ 38. Kh2 Rdd3 39. Qc8+ (39. Rxc6 $2 Rh3+ 40. Kg2 (40. Kg1 $2 Rdg3+ 41. Kf1 Rh1+ 42. Ke2 Rg2+ 43. Kd3 Rh3+ 44. Kd4 Rd2+ 45. Kc5 Bf2+ 46. Kc4 Rc2+ 47. Kb5 Rxb2+ 48. Ka6 Rxb7 $19) 40... Rdg3+ 41. Kf1 Rh1+ 42. Ke2 Rg2+ 43. Kd3 Rh3+ 44. Kd4 Rd2+ 45. Kc4 Rc2+ 46. Kb5 Rxb2+ 47. Ka6 Rxb7 $19) 39... Kh7 40. Qxe6 Rg6 41. Qf5 {White wants to mate with h5.} Bg3+ {[#]} 42. Kg2 $1 {White threatens h5 and mate.} Bxh4+ 43. Kf1 Re3 {[%csl Gh4][%cal Re3e1]} 44. Rc1 c5 {[#]} 45. Rd1 $2 (45. e6 $1 $18) 45... c4 $11 46. e6 Reg3 $1 47. Rd7 ({But not} 47. Qxa5 $2 Rg1+ 48. Ke2 R1g2+ 49. Ke3 Bf2+ 50. Kf4 R6g4+ 51. Kf5 Rg5+ 52. Kf4 Bg3+ 53. Kf3 Rf2+ 54. Ke3 Rxa5 $19) 47... Rg1+ 48. Ke2 {aiming for e7.} R1g5 $1 {[%cal Rg5f5]} 49. e7 Rxf5 {The position is equal.} 50. exf5 {[%mdl 4096] Endgame KRB-KR} Rg1 {And now ...Re1+ would win.} 51. f6 Re1+ 52. Kd2 Re6 53. f7 Bxe7 54. Rxe7 {KR-KR} Rf6 55. Kc3 Kg6 (55... h5 {with more complications.} 56. Kxc4 h4 57. b4 Rf4+ 58. Kd3 h3) 56. Kxc4 {b4 is the strong threat.} Rxf7 (56... h5 {looks sharper.} 57. b4 h4 58. bxa5 Rf4+ 59. Kb5 Rf5+) 57. Rxf7 Kxf7 {K3P-KPP} 58. b4 $1 {[%cal Rb4a5,Bb2b4,Bb4b5][%mdl 32]} Ke6 {Threatens to win with ...axb4.} (58... axb4 59. a5 $18) 59. b5 ({Not} 59. bxa5 $2 Kd6 $19) 59... Kd6 60. Kd4 h5 61. Ke4 g5 62. Kf5 h4 {( -> ...h3)} 63. Kg4 Kc5 64. Kh3 Kd6 65. Kg4 Kc5 66. Kh3 Kd6 {Black defended with fortune.  Weighted Error Value: White=0.13/Black=0.11} 1/2-1/2

[Event "USA Championship 2021"]
[Site "Saint Louis"]
[Date "2021.10.18"]
[Round "11.3"]
[White "Dominguez Perez, Leinier"]
[Black "Swiercz, Dariusz"]
[Result "1/2-1/2"]
[WhiteElo "2760"]
[BlackElo "2647"]
[Annotator "TA"]
[PlyCount "127"]
[EventDate "2021.10.06"]
[EventCountry "USA"]
[SourceTitle "playchess.com"]
[Source "ChessBase"]
[SourceQuality "1"]

{[%evp 23,127,10,1,10,3,0,9,11,14,8,12,6,13,0,0,0,0,0,33,0,24,33,24,24,24,32,34,21,17,29,27,32,36,35,35,39,54,54,58,38,54,45,45,31,56,45,45,45,45,45,45,34,34,34,34,34,34,0,34,27,29,24,28,27,34,0,34,0,34,0,34,6,34,34,34,34,34,34,34,34,34,34,34,34,34,34,34,27,27,27,27,27,34,34,34,34,34,34,42,42,42,0,40,0,42,0]} 1. e4 c5 2. Nf3 Nc6 3. d4 cxd4 4. Nxd4 Nf6 5. Nc3 e5 6. Ndb5 d6 7. Bg5 a6 8. Na3 b5 9. Nd5 Be7 10. Bxf6 Bxf6 11. c4 b4 12. Nc2 a5 13. Qf3 {B33: Sicilian: Pelikan and Sveshnikov Variations.} Be7 14. Be2 O-O 15. Rd1 {The position is equal.} Be6 16. O-O Bg5 17. g3 Kh8 18. b3 g6 19. h4 Bh6 20. h5 Kg7 21. Qd3 {[#]} f5 $146 ({Predecessor:} 21... Kh8 22. Nde3 Qc8 23. Bf3 Ra6 24. Qe2 Nd8 25. Bg2 Nb7 26. f4 Nc5 27. Rf2 Bd7 {½-½ (53) Windhausen,G (2547)-Bubir,A (2536) GER email 2017}) 22. c5 dxc5 23. Qb5 $1 {[%csl LRc5,LRc6][%cal Rb5c6]} Nd4 24. Nxd4 cxd4 25. Nb6 Rb8 26. Qxe5+ {[%mdl 64] [#] Double Attack} Qf6 27. Qxf6+ Kxf6 28. Nd5+ Bxd5 29. exd5 Ke5 30. Bc4 {Strongly threatening Rfe1+.} Kd6 31. Rxd4 Rbe8 32. Kg2 Bg7 33. Rdd1 Bc3 34. hxg6 hxg6 35. Rh1 Rh8 36. Rxh8 Rxh8 $14 {[%mdl 4096] Endgame KRB-KRB} 37. Rd3 Re8 38. a4 Re4 39. Rd1 Re1 40. Rd3 Re4 41. f3 Re2+ 42. Kh3 g5 43. f4 gxf4 44. gxf4 (44. Rf3 $5 {[%cal Rc4e2]} Re7 45. Rxf4 $14) 44... Bd2 45. Rd4 Be3 46. Rd1 Rd2 (46... Rf2 {with more complications.} 47. Kg3 Rxf4 48. Re1 Rg4+ 49. Kf3 Bg5) 47. Rf1 (47. Rxd2 {looks sharper.} Bxd2 48. Kg3 Be3 49. Bd3 Kxd5 50. Kf3) 47... Rf2 (47... Kc5 {is more complex.} 48. Kh4 Rg2 49. d6 Kc6 50. Kh3 Rg4) 48. Rxf2 Bxf2 {KB-KB} 49. Kg2 Be3 50. Kf3 Bd2 51. Bd3 Kxd5 52. Bxf5 Bc1 53. Bd3 Kd4 54. Bc4 Bd2 55. f5 Ke5 56. Be6 Bg5 57. Bc8 Bd8 58. Ke3 Bf6 59. Be6 Kd6 60. Ke4 Kc5 61. Kf4 Kd6 62. Ke4 Kc5 63. Kf4 Kd6 64. Ke4 {Weighted Error Value: White=0.08/Black=0.05} 1/2-1/2

[Event "USA Championship 2021"]
[Site "Saint Louis"]
[Date "2021.10.18"]
[Round "11.4"]
[White "So, Wesley"]
[Black "Robson, Ray"]
[Result "1/2-1/2"]
[WhiteElo "2778"]
[BlackElo "2669"]
[Annotator "TA"]
[PlyCount "52"]
[EventDate "2021.10.06"]
[EventCountry "USA"]
[SourceTitle "playchess.com"]
[Source "ChessBase"]
[SourceQuality "1"]

{[%evp 15,52,13,10,0,20,19,19,14,14,14,15,16,14,0,0,0,0,0,0,0,0,0,9,0,15,15,16,17,24,15,16,7,10,0,22,0,9,0,18]} 1. d4 Nf6 2. c4 e6 3. Nc3 Bb4 4. Qc2 d5 5. a3 Bxc3+ 6. Qxc3 O-O 7. Nf3 dxc4 8. Qxc4 b6 9. Bg5 {E36: Nimzo-Indian: Classical: 4...d5 5 a3.} Bb7 10. Rd1 $1 {[%mdl 4] is now more promising than 10.Rc1.} Nbd7 11. Ne5 h6 12. Bh4 c5 13. f3 cxd4 14. Qxd4 {[%cal Re5d7]} Nxe5 15. Qxe5 Qe7 16. e4 Rfd8 {[#] ...Rxd1+ is the strong threat.} 17. Bd3 $146 ({Predecessor:} 17. Be2 Rxd1+ 18. Bxd1 Ba6 19. Be2 Bxe2 20. Kxe2 Rd8 21. Rd1 Rxd1 22. Kxd1 Qd7+ 23. Ke1 Ne8 24. Bf2 {½-½ (24) Deac,B (2618)-Gelfand,B (2684) Bucharest 2019}) 17... Rac8 {[#] And now ...Ba6! would win.} 18. O-O Rc5 19. Bxf6 Qxf6 20. Qxf6 gxf6 21. Kf2 Kf8 22. Ke3 Ke7 {The position is equal.} 23. Bb1 Rdc8 24. Bd3 Rd8 25. Bb1 Rdc8 26. Bd3 Rd8 {Not much happened in this game.  Weighted Error Value: White=0.03/Black=0.02} 1/2-1/2

[Event "USA Championship 2021"]
[Site "Saint Louis"]
[Date "2021.10.18"]
[Round "11.5"]
[White "Naroditsky, Daniel"]
[Black "Sevian, Samuel"]
[Result "1/2-1/2"]
[WhiteElo "2623"]
[BlackElo "2654"]
[Annotator "TA"]
[PlyCount "27"]
[EventDate "2021.10.06"]
[EventCountry "USA"]
[SourceTitle "playchess.com"]
[Source "ChessBase"]
[SourceQuality "1"]

{[%evp 25,26,0,0]} 1. e4 e5 2. Nf3 Nc6 3. Bc4 Bc5 4. c3 Nf6 5. d4 exd4 6. cxd4 Bb4+ 7. Bd2 Bxd2+ 8. Nbxd2 d5 9. exd5 Nxd5 10. Qb3 Na5 11. Qa4+ Nc6 12. Qb3 Na5 13. Qa4+ Nc6 $1 {[#]} {Predecessor:} 14. Ke2 $146 {C54: Giuoco Piano: 4 c3 Nf6, main lines with 5 d4 and 5 d3.} 1/2-1/2

[Event "USA Championship 2021"]
[Site "Saint Louis"]
[Date "2021.10.18"]
[Round "11.6"]
[White "Burke, John M"]
[Black "Xiong, Jeffery"]
[Result "1-0"]
[WhiteElo "2554"]
[BlackElo "2700"]
[Annotator "TA"]
[PlyCount "49"]
[EventDate "2021.10.06"]
[EventCountry "USA"]
[SourceTitle "playchess.com"]
[Source "ChessBase"]
[SourceQuality "1"]

{[%evp 14,49,29,10,14,0,0,0,2,0,0,0,22,17,15,14,12,12,40,33,129,122,120,96,156,165,161,156,133,60,406,399,475,512,715,712,690,681]} 1. e4 e5 2. Nf3 Nc6 3. Bc4 Bc5 4. O-O Nf6 5. d3 d6 6. c3 h6 7. Re1 O-O 8. h3 a5 {outshines the older 8...a6. C54: Giuoco Piano: 4 c3 Nf6, main lines with 5 d4 and 5 d3.} 9. d4 Ba7 10. Bb3 Re8 {The position is equal.} 11. Bc2 Bd7 12. a4 {[#]} Qc8 $146 ({Predecessor:} 12... exd4 13. cxd4 d5 14. e5 Ne4 15. Nc3 Bf5 16. Nxe4 Bxe4 17. Bxe4 dxe4 18. Rxe4 {½-½ (34) Praggnanandhaa,R (2567)-Buckels,V (2442) Mumbai 2019}) 13. Be3 exd4 14. Bxd4 Nxd4 15. cxd4 c5 16. e5 $1 {[%cal Re5f6]} Nd5 {[#]} (16... Nh5 $14) 17. Qd3 $1 $16 {[%cal Rd3h7]} g6 18. Bb3 Nf4 ({Better is} 18... Be6) 19. Qe4 Ne6 20. Qh4 (20. exd6 c4 $17) 20... c4 {[#]} (20... cxd4 $2 21. Qxh6 dxe5 22. Ng5 $18) 21. Nc3 dxe5 $2 {[%mdl 8192] Loses the game.} ({Don't go for} 21... cxb3 $2 22. Qxh6 Bxd4 23. Nd5 $18) (21... Ng5 $14 22. Ba2 (22. Nxg5 hxg5 23. Qxg5 Bxd4 $11) 22... Qc6) 22. Qxh6 $18 Bc6 {[#] Strongly threatening ...Bxf3.} ({Inferior is} 22... cxb3 23. Ne4 $18) 23. d5 $1 {[%mdl 64] Double Attack. White is clearly winning.} cxb3 (23... Bxf2+ 24. Kxf2) 24. Ne4 {[%cal Re4f6]} ({Not} 24. dxc6 Nf8 $18) 24... Qd8 25. dxe6 {Weighted Error Value: White=0.07/Black=0.63} 1-0